| 000 | 00780nam a2200277Ia 4500 | ||
|---|---|---|---|
| 001 | Para_2036 | ||
| 003 | CHAP | ||
| 008 | 220125s2000 xx 000 0 und d | ||
| 010 | _a200669 | ||
| 040 | _cCHAP | ||
| 082 | _aPA 634.11 V3 | ||
| 100 |
_aVanneste, Jöel, ed. _9165549 |
||
| 245 |
_aFire blight : _b the disease and its causative agent, Erwinia amylovora / _c ed. by Vanneste, Jöel |
||
| 260 |
_aOxon : _b CABI Publishing |
||
| 300 | _a370 p. | ||
| 650 | _aErwinia amylovora | ||
| 650 |
_aManzana _x enfermedades _970763 |
||
| 650 | _aTizón de fuego de la manzana | ||
| 901 | _aPA 634.11 V3 | ||
| 902 | _aA | ||
| 905 | _a0000002000 adn 0000000000 00 | ||
| 910 | _a2000 | ||
| 942 | _cPARA | ||
| 942 |
_cPARA _d1 |
||
| 999 |
_c200669 _d200669 |
||